000 00244nam a22001097a 4500
082 _a823
_bBRO/S
100 _aBROWN, MARGARET WISE
245 _aTHE SAILOR DOG
246 _aTHE SAILOR DOG
_bTHE SAILOR DOG
650 _aENGLISH STORY
942 _cBK
999 _c8827
_d8827